000
00344nam a22001577a 4500
003
MPLRDC
005
20220104142930.0
008
210129b ||||| |||| 00| 0 eng d
082
_a
019 ZZQ
100
_a
朱自清著
245
_a
读书指导
_c
260
_a
_b
宏智书店
_c
1975
300
_b
平
650
_a
942
_c
BK
_o
019 ZZQ
999
_c
35016
_d
35006